Elementare theorie der analytischen funktionen einer oder mehrerer komplexen veranderlichen
Αποθηκεύτηκε σε:
| Κύριος συγγραφέας: | |
|---|---|
| Μορφή: | Βιβλίο |
| Γλώσσα: | German French |
| Δημοσίευση: |
Mannheim :
Bibliographisches Institut,
c1966.
|
| Σειρά: | B.I.-Hochschultaschenbucher ;
112/112a |
| Θέματα: | |
| Ετικέτες: |
Προσθήκη ετικέτας
Δεν υπάρχουν, Καταχωρήστε ετικέτα πρώτοι!
|
MARC
| LEADER | 00000cam a2200000 i 4500 | ||
|---|---|---|---|
| 001 | 1/103419 | ||
| 008 | 090327s1966 gw | ||| |||| ||ger|| | ||
| 035 | |l 10104036 | ||
| 040 | |a GR-MyUA |b gre |e AACR2 | ||
| 041 | 1 | |a ger |h fre | |
| 082 | 0 | |a 515.9 |2 (22) | |
| 100 | 1 | |a Cartan, Henri, |d 1904-2008. | |
| 245 | 1 | 0 | |a Elementare theorie der analytischen funktionen einer oder mehrerer komplexen veranderlichen / |c Henri Cartan. |
| 260 | |a Mannheim : |b Bibliographisches Institut, |c c1966. | ||
| 300 | |a 236 σ. ; |c 19 εκ. | ||
| 490 | 1 | |a (B.I.-Hochschultaschenbucher |v ; 112/112a) | |
| 650 | 0 | 0 | |a Analytic functions. |
| 765 | 0 | 8 | |i Μετάφραση του: |t Theorie elementaire des fonctions analytiques d'une ou plusieurs variables complexes / |
| 830 | 0 | |a B.I.-Hochschultaschenbucher ; |v 112/112a | |
| 852 | |a INST |b SAMOS |c MAG |e 20090327 |h 515.9 CAR |p 005300029033 |q 005300029033 |t BK |y 0 | ||
| 901 | |a BIBL3-2009-1 | ||
| 909 | |a Σ |b 155937 | ||
| 970 | |a ΡΟΥΣΣΟΥ |b ΚΩΝΣΤΑΝΤΙΝΑ |z 2009/03/27 | ||